000 01006nam a2200325 a 4500
001 000110736
003 CHAP
005 20221116094506.0
008 141001s2013 mx |s| ||||||spa d
010 _a107198
011 _a108170
020 _a9786071202956
040 _cCHAP
090 _aCD-403
245 1 0 _aSelección de sistema fotovoltaico para invernadero
_h[Disco compacto]
_cpor Eugueni Romantchik kriuchkova ... [et al.].
260 _aChapingo, Méx. :
_bUACH,
_c2013.
300 _a1 CD ROM ;
_c4 3/4 plg. .
590 _aE11695DGD
_b10
_c20141002
_lUCH01
_h1350
590 _aE5765TAJ
_b05
_c20141001
_lUCH01
_h0936
590 _aE5765TAJ
_b05
_c20141001
_lUCH01
_h0937
590 _aE5765TAJ
_b05
_c20141001
_lUCH01
_h0939
650 1 4 _aEnergía eléctrica.
_936901
650 1 4 _aEnergía renovable.
_936910
650 1 4 _aEnergía solar.
_936911
650 1 4 _aInvernaderos.
_960172
700 1 _aRomantchik Kriuchkova, Euguenio
_9128552
901 _aBK
942 _cCD
942 _n0
999 _c107198
_d107198